000
00303nam a2200133Ia 4500
100
_a
Hampton/John.J
942
_c
BK
654
_a
Financial Decision Making
245
_a
Financial Decision Making
260
_b
Prentice Hall of India
_a
NewDelhi
082
_a
658
300
_a
550
546
_a
ENGLISH
999
_c
29292
_d
29292